00730nam a22001217a 4500003000900000005001700009008004100026040001300067245007300080260002000153300002000173520041500193IT-RoPau20220918181108.0130611b xxu||||| |||| 00| 0 eng d cIT-RoPau aCelebrazione eucaristica con rito di Professione Religiosa nella SSP aRomabSSPc1999 a24 pp.c20,5 cm aIndice Celebrazione eucaristica con rito di Professione Religiosa nella SSP Professione religiosa perpetua di: (Segue elenco nomi Professi perpetui) Rinnovo dei voti dei Professi temporanei: (Segue elenco nomi Professi temporanei) Riti di introduzione Liturgia della Parola Appello dei candidati Invocazioni allo Spirito Santo Rinnovo dei voti Professione perpetua Liturgia eucaristica La Famiglia Paolina